[Event "YUG-chT (Women)"]
[Site "Kragujevac"]
[Date "2000.12.18"]
[Round "8"]
[White "Zatonskih, Anna"]
[Black "Kosteniuk, Alexandra"]
[Result "1-0"]
[WhiteElo "2446"]
[BlackElo "2398"]
[PlyCount "117"]
[EventDate "2000.12.11"]
[EventType "team"]
[EventRounds "11"]
[EventCountry "YUG"]
[SourceTitle "CBM 079 Extra"]
[Source "ChessBase"]
[SourceDate "2001.01.11"]
[SourceVersion "2"]
[SourceVersionDate "2001.01.25"]
[SourceQuality "1"]

1. e4 c5 2. Nf3 Nc6 3. d4 cxd4 4. Nxd4 Nf6 5. Nc3 d6 6. Bg5 e6 7. Qd2 a6 8.
O-O-O h6 9. Be3 Bd7 10. f3 b5 11. Nxc6 Bxc6 12. Kb1 Qc7 13. Bd3 Nd7 14. Rhe1
Be7 15. Bd4 O-O 16. f4 b4 17. Nd5 Bxd5 18. exd5 e5 19. Bf5 Bf6 20. Bxd7 exd4
21. Bc6 Rab8 22. g4 Qd8 23. Rh1 a5 24. Qd3 g6 25. Rd2 Rc8 26. h4 Bxh4 27. g5
hxg5 28. fxg5 Bxg5 29. Qh3 Bh4 30. Qxh4 Qxh4 31. Rxh4 Kg7 32. Rhxd4 Rh8 33. a3
bxa3 34. b3 f5 35. Ra4 g5 36. Rxa5 g4 37. Ra7+ Kf6 38. Bd7 Rcf8 39. Be6 g3 40.
Rg2 f4 41. b4 Rb8 42. Rf7+ Kg5 43. c3 Rh1+ 44. Ka2 Rbh8 45. Kxa3 Rb1 46. Ka4
Rh6 47. Rf5+ Kg4 48. Rf6+ Kg5 49. Rxh6 Kxh6 50. c4 Kg5 51. c5 dxc5 52. bxc5 Kh4
53. Rd2 Re1 54. d6 Rxe6 55. d7 Ra6+ 56. Kb4 Ra8 57. c6 Rb8+ 58. Ka5 f3 59. c7
1-0

[Event "Geneve op 17th"]
[Site "Geneve"]
[Date "2001.01.21"]
[Round "2"]
[White "Ulybin, Mikhail"]
[Black "Kosteniuk, Alexandra"]
[Result "1-0"]
[WhiteElo "2574"]
[BlackElo "2402"]
[PlyCount "79"]
[EventDate "2001.01.20"]
[EventType "swiss"]
[EventRounds "9"]
[EventCountry "SUI"]
[SourceTitle "EXT 2002"]
[Source "ChessBase"]
[SourceDate "2001.11.25"]
[SourceVersion "1"]
[SourceVersionDate "2001.11.25"]
[SourceQuality "1"]

1. e4 c5 2. Nf3 Nc6 3. d4 cxd4 4. Nxd4 Nf6 5. Nc3 d6 6. Be3 Ng4 7. Bg5 h6 8.
Bh4 g5 9. Bg3 Bg7 10. Nb3 Nge5 11. h4 Bg4 12. f3 Be6 13. hxg5 hxg5 14. Rxh8+
Bxh8 15. Qd2 g4 16. Qh6 Ng6 17. f4 Bf6 18. f5 Bxb3 19. axb3 Nge5 20. Nd5 Nd7
21. Nxf6+ Nxf6 22. e5 Ng8 23. Qg7 Kd7 24. Qxf7 Qf8 25. Qe6+ Kc7 26. f6 d5 27.
Qxd5 e6 28. Qe4 Rd8 29. Rd1 Rxd1+ 30. Kxd1 Nh6 31. Qh7+ Kb8 32. Bd3 Nf7 33. Qg7
Qe8 34. Qxg4 Qh8 35. Qh3 Qg8 36. Bf4 Nd4 37. c3 Nxb3 38. Qxe6 Nc5 39. Qxf7 Qg4+
40. Be2 1-0

[Event "Geneve op 17th"]
[Site "Geneve"]
[Date "2001.01.22"]
[Round "3"]
[White "Kosteniuk, Alexandra"]
[Black "Bernard, Jacques"]
[Result "1-0"]
[WhiteElo "2402"]
[BlackElo "2237"]
[PlyCount "69"]
[EventDate "2001.01.20"]
[EventType "swiss"]
[EventRounds "9"]
[EventCountry "SUI"]
[SourceTitle "EXT 2002"]
[Source "ChessBase"]
[SourceDate "2001.11.25"]
[SourceVersion "1"]
[SourceVersionDate "2001.11.25"]
[SourceQuality "1"]

1. e4 c5 2. Nf3 e6 3. d4 cxd4 4. Nxd4 Nf6 5. Nc3 Nc6 6. Ndb5 d6 7. Bf4 e5 8.
Bg5 a6 9. Na3 b5 10. Bxf6 gxf6 11. Nd5 Bg7 12. c3 f5 13. exf5 Bxf5 14. Nc2 O-O
15. Nce3 Bd7 16. Bd3 f5 17. Qh5 e4 18. Bc2 Qe8 19. Qh4 Rd8 20. O-O Ne5 21. f4
exf3 22. Nxf5 Bxf5 23. Bxf5 Rf7 24. Qxh7+ Kf8 25. Nf4 Rf6 26. Nh5 Rf7 27. Bg6
Nxg6 28. Rxf3 Nf4 29. Rxf4 Bd4+ 30. cxd4 Qe3+ 31. Kh1 Qxf4 32. Qh8+ Ke7 33.
Nxf4 Rxh8 34. Ng6+ Kf6 35. Nxh8 1-0

[Event "Geneve op 17th"]
[Site "Geneve"]
[Date "2001.01.23"]
[Round "4"]
[White "Cherniaev, Alexander"]
[Black "Kosteniuk, Alexandra"]
[Result "0-1"]
[WhiteElo "2484"]
[BlackElo "2402"]
[PlyCount "80"]
[EventDate "2001.01.20"]
[EventType "swiss"]
[EventRounds "9"]
[EventCountry "SUI"]
[SourceTitle "EXT 2002"]
[Source "ChessBase"]
[SourceDate "2001.11.25"]
[SourceVersion "1"]
[SourceVersionDate "2001.11.25"]
[SourceQuality "1"]

1. e4 c5 2. d3 Nc6 3. g3 g6 4. Bg2 Bg7 5. f4 d6 6. Nf3 e6 7. c3 Nge7 8. O-O O-O
9. Be3 b6 10. Bf2 Qc7 11. Re1 Ba6 12. a4 Rad8 13. Na3 Qd7 14. Rb1 Bb7 15. d4
cxd4 16. cxd4 Nb4 17. Qb3 a5 18. Nc2 Nxc2 19. Qxc2 Nc6 20. d5 exd5 21. exd5 Nb4
22. Qd1 Nxd5 23. Nh4 Nb4 24. Bxb6 Bxg2 25. Nxg2 Rb8 26. Bc5 Rfd8 27. Bxb4 Rxb4
28. b3 d5 29. Nh4 Rc8 30. Nf3 d4 31. Nd2 d3 32. Nc4 Bc3 33. Rf1 Qd5 34. h4 Re8
35. Qf3 Qd4+ 36. Kh1 d2 37. Ne5 Qe4 38. Qxe4 Rxe4 39. Nf3 Re1 40. Ne5 Rxb1 0-1

[Event "Geneve op 17th"]
[Site "Geneve"]
[Date "2001.01.25"]
[Round "6"]
[White "Heedt, Thorsten"]
[Black "Kosteniuk, Alexandra"]
[Result "1/2-1/2"]
[WhiteElo "2266"]
[BlackElo "2402"]
[PlyCount "107"]
[EventDate "2001.01.20"]
[EventType "swiss"]
[EventRounds "9"]
[EventCountry "SUI"]
[SourceTitle "EXT 2002"]
[Source "ChessBase"]
[SourceDate "2001.11.25"]
[SourceVersion "1"]
[SourceVersionDate "2001.11.25"]
[SourceQuality "1"]

1. c4 e5 2. g3 Nc6 3. Bg2 g6 4. Nc3 Bg7 5. d3 d6 6. e3 Nge7 7. Nge2 O-O 8. O-O
Be6 9. Nd5 Qd7 10. Rb1 Nd8 11. b4 Nc8 12. e4 c6 13. Ne3 Ne7 14. d4 Bh3 15. Bb2
Bxg2 16. Kxg2 exd4 17. Nxd4 Re8 18. Nf3 Ne6 19. Qd2 Bxb2 20. Qxb2 Ng7 21. Rfd1
Rad8 22. b5 Nc8 23. bxc6 bxc6 24. h3 h5 25. Qd4 Qe7 26. Rb8 Ne6 27. Qb2 Nc5 28.
e5 dxe5 29. Qxe5 Qf8 30. Rxd8 Rxd8 31. Qg5 Ne6 32. Qf6 Nd6 33. Rxd8 Qxd8 34.
Qxd8+ Nxd8 35. Ne5 Kg7 36. f4 f6 37. Nd3 Ne6 38. g4 h4 39. f5 gxf5 40. c5 Ne4
41. Nxf5+ Kf7 42. Nb4 N6xc5 43. Nxc6 a6 44. Nfd4 Nc3 45. Nb3 Nd3 46. Nb8 Nf4+
47. Kh2 Ne4 48. Nxa6 Ng5 49. Nd4 Nfxh3 50. Nf5 Nf2 51. Nxh4 Nxg4+ 52. Kg3 Ne3
53. Nc5 Ke7 54. Nf3 1/2-1/2

[Event "Geneve op 17th"]
[Site "Geneve"]
[Date "2001.01.26"]
[Round "7"]
[White "Kosteniuk, Alexandra"]
[Black "Bergez, Luc"]
[Result "1-0"]
[WhiteElo "2402"]
[BlackElo "2426"]
[PlyCount "69"]
[EventDate "2001.01.20"]
[EventType "swiss"]
[EventRounds "9"]
[EventCountry "SUI"]
[SourceTitle "EXT 2002"]
[Source "ChessBase"]
[SourceDate "2001.11.25"]
[SourceVersion "1"]
[SourceVersionDate "2001.11.25"]
[SourceQuality "1"]

1. e4 c5 2. Nf3 d6 3. d4 cxd4 4. Nxd4 Nf6 5. Nc3 g6 6. Be3 Bg7 7. f3 O-O 8. Qd2
Nc6 9. O-O-O d5 10. Nxc6 bxc6 11. exd5 Nxd5 12. Nxd5 cxd5 13. Qxd5 Qc7 14. Qc5
Qb7 15. Qa3 Be6 16. Bd3 Bd5 17. Ba6 Qc6 18. Bd4 e5 19. Bc5 Rfc8 20. Bxc8 Rxc8
21. b4 a5 22. Qd3 Bxa2 23. Qd8+ Rxd8 24. Rxd8+ Bf8 25. Bxf8 h5 26. Bd6+ Kg7 27.
Bxe5+ f6 28. Rd6 Qb5 29. Bxf6+ Kf7 30. Re1 Qb8 31. Re7+ Kf8 32. Rc6 Bf7 33.
Rcc7 Be6 34. Bg7+ Kg8 35. Bh6 1-0

[Event "Geneve op 17th"]
[Site "Geneve"]
[Date "2001.01.27"]
[Round "8"]
[White "Zueger, Beat"]
[Black "Kosteniuk, Alexandra"]
[Result "0-1"]
[WhiteElo "2448"]
[BlackElo "2402"]
[PlyCount "76"]
[EventDate "2001.01.20"]
[EventType "swiss"]
[EventRounds "9"]
[EventCountry "SUI"]
[SourceTitle "EXT 2002"]
[Source "ChessBase"]
[SourceDate "2001.11.25"]
[SourceVersion "1"]
[SourceVersionDate "2001.11.25"]
[SourceQuality "1"]

1. d4 d5 2. c4 c6 3. e3 Nf6 4. Nc3 e6 5. Bd2 Nbd7 6. cxd5 exd5 7. Bd3 Bd6 8. h3
O-O 9. g4 Re8 10. Qc2 Qe7 11. f3 Nf8 12. Nge2 b5 13. O-O-O Bb7 14. g5 N6d7 15.
Kb1 Nb6 16. e4 b4 17. e5 Bxe5 18. Nxd5 cxd5 19. dxe5 Rec8 20. Qb3 a5 21. Nd4
Qxe5 22. Nf5 Nc4 23. Bc1 Re8 24. h4 Bc6 25. f4 Qc7 26. h5 Ne6 27. Bc2 Rac8 28.
g6 Bb5 29. gxh7+ Kh8 30. Qg3 Na3+ 31. bxa3 Qxc2+ 32. Ka1 Qxf5 33. Bb2 bxa3 34.
Be5 f6 35. h6 fxe5 36. hxg7+ Nxg7 37. Rdg1 Re7 38. Qh4 Qc2 0-1

[Event "EU-ch 2nd (Women)"]
[Site "Warsaw"]
[Date "2001.04.22"]
[Round "1"]
[White "Moshina, Cristina"]
[Black "Kosteniuk, Alexandra"]
[Result "0-1"]
[WhiteElo "2235"]
[BlackElo "2397"]
[PlyCount "74"]
[EventDate "2001.04.22"]
[EventType "swiss"]
[EventRounds "11"]
[EventCountry "POL"]
[SourceTitle "CBM 082 Extra"]
[Source "ChessBase"]
[SourceDate "2001.07.03"]
[SourceVersion "1"]
[SourceVersionDate "2001.07.03"]
[SourceQuality "1"]

1. e4 c5 2. Nf3 Nc6 3. d4 cxd4 4. Nxd4 Nf6 5. Nc3 d6 6. Bg5 e6 7. Qd2 a6 8.
O-O-O h6 9. Be3 Qc7 10. f4 Bd7 11. Bd3 b5 12. Kb1 Na5 13. e5 dxe5 14. fxe5 Qxe5
15. Nf3 Qc7 16. Bf4 Bd6 17. Bxd6 Qxd6 18. Qe1 Qc7 19. Ne5 b4 20. Nxd7 bxc3 21.
Nxf6+ gxf6 22. Qxc3 Qxc3 23. bxc3 Ke7 24. Rhe1 Rhc8 25. Re4 Rxc3 26. Rh4 Rb8+
27. Kc1 Ra3 28. Rxh6 Nc6 29. Rf1 f5 30. Bxf5 Rxa2 31. Bd3 Ne5 32. Rhf6 a5 33.
g4 a4 34. g5 a3 35. Kd2 Rab2 36. Ra1 R8b3 37. Ke3 Rxc2 0-1

[Event "EU-ch 2nd (Women)"]
[Site "Warsaw"]
[Date "2001.04.23"]
[Round "2"]
[White "Kosteniuk, Alexandra"]
[Black "Berend, Elvira S"]
[Result "1-0"]
[WhiteElo "2397"]
[BlackElo "2312"]
[PlyCount "107"]
[EventDate "2001.04.22"]
[EventType "swiss"]
[EventRounds "11"]
[EventCountry "POL"]
[SourceTitle "CBM 082 Extra"]
[Source "ChessBase"]
[SourceDate "2001.07.03"]
[SourceVersion "1"]
[SourceVersionDate "2001.07.03"]
[SourceQuality "1"]

1. e4 c5 2. Nf3 e6 3. d4 cxd4 4. Nxd4 Nc6 5. Nb5 d6 6. c4 Nf6 7. N1c3 a6 8. Na3
b6 9. Be2 Bb7 10. Be3 Ne5 11. f4 Ned7 12. Bf3 Be7 13. O-O O-O 14. Qe2 h6 15.
Rfd1 Qc7 16. Rac1 Rac8 17. Bd4 Rfe8 18. Kh1 Nh7 19. Bg1 Nhf8 20. Qe3 Qb8 21.
Rc2 Bc6 22. Be2 Qa8 23. Nab1 b5 24. Nd2 b4 25. Ncb1 Nc5 26. Bf3 e5 27. f5 Nfd7
28. Qe2 Nf6 29. Re1 a5 30. Rcc1 Bb7 31. Bf2 Bc6 32. g4 Qb7 33. h4 Nh7 34. Nf1
g5 35. hxg5 Bxg5 36. Rcd1 Nf6 37. Ng3 Rcd8 38. Nd2 Kh7 39. Nb3 Nxb3 40. axb3
Rg8 41. Ra1 Ra8 42. Qd3 Qe7 43. Red1 Rgd8 44. Kg2 Bf4 45. Bb6 Rd7 46. Nh1 Ne8
47. Nf2 Rb7 48. Be3 Bg5 49. Rh1 Kg7 50. Bxg5 Qxg5 51. Rh5 Qf6 52. Rah1 a4 53.
g5 Qd8 54. f6+ 1-0

[Event "EU-ch 2nd (Women)"]
[Site "Warsaw"]
[Date "2001.04.24"]
[Round "3"]
[White "Ionescu, Irina"]
[Black "Kosteniuk, Alexandra"]
[Result "1/2-1/2"]
[WhiteElo "2339"]
[BlackElo "2397"]
[PlyCount "68"]
[EventDate "2001.04.22"]
[EventType "swiss"]
[EventRounds "11"]
[EventCountry "POL"]
[SourceTitle "CBM 082 Extra"]
[Source "ChessBase"]
[SourceDate "2001.07.03"]
[SourceVersion "1"]
[SourceVersionDate "2001.07.03"]
[SourceQuality "1"]

1. e4 c5 2. g3 Nc6 3. Bg2 g6 4. d3 Bg7 5. f4 e6 6. Nf3 d6 7. O-O Nge7 8. c3 O-O
9. Be3 b6 10. Bf2 Ba6 11. Re1 Qd7 12. a4 Rac8 13. Na3 e5 14. f5 d5 15. g4 Rcd8
16. Bg3 f6 17. Nc2 Qc8 18. Ne3 dxe4 19. Qb3+ Kh8 20. dxe4 Na5 21. Qa3 Rd3 22.
Qa2 c4 23. Bf1 Rd7 24. Rad1 Rfd8 25. Rxd7 Rxd7 26. g5 Qc5 27. Bf2 fxg5 28. Ng4
Qd6 29. Nxg5 Kg8 30. Ne3 Qc6 31. Bg2 Bb7 32. Bf1 Ba6 33. Bg2 Bb7 34. Bf1 Ba6
1/2-1/2

[Event "EU-ch 2nd (Women)"]
[Site "Warsaw"]
[Date "2001.04.30"]
[Round "8"]
[White "Skripchenko, Almira"]
[Black "Kosteniuk, Alexandra"]
[Result "1/2-1/2"]
[WhiteElo "2441"]
[BlackElo "2397"]
[PlyCount "25"]
[EventDate "2001.04.22"]
[EventType "swiss"]
[EventRounds "11"]
[EventCountry "POL"]
[SourceTitle "CBM 082 Extra"]
[Source "ChessBase"]
[SourceDate "2001.07.03"]
[SourceVersion "1"]
[SourceVersionDate "2001.07.03"]
[SourceQuality "1"]

1. e4 c5 2. Nf3 Nc6 3. Bb5 g6 4. Bxc6 bxc6 5. O-O Bg7 6. c3 Nh6 7. Re1 O-O 8.
d4 cxd4 9. cxd4 f6 10. Nc3 d6 11. h3 Nf7 12. b3 Bd7 13. Bb2 1/2-1/2

[Event "EU-ch 2nd (Women)"]
[Site "Warsaw"]
[Date "2001.05.03"]
[Round "11"]
[White "Kosteniuk, Alexandra"]
[Black "Peptan, Corina Isabela"]
[Result "1/2-1/2"]
[WhiteElo "2397"]
[BlackElo "2461"]
[PlyCount "29"]
[EventDate "2001.04.22"]
[EventType "swiss"]
[EventRounds "11"]
[EventCountry "POL"]
[SourceTitle "CBM 082 Extra"]
[Source "ChessBase"]
[SourceDate "2001.07.03"]
[SourceVersion "1"]
[SourceVersionDate "2001.07.03"]
[SourceQuality "1"]

1. e4 c5 2. Nf3 d6 3. d4 cxd4 4. Nxd4 Nf6 5. Nc3 Nc6 6. Bg5 e6 7. Qd2 a6 8.
O-O-O Bd7 9. f4 b5 10. Bxf6 gxf6 11. Kb1 Qb6 12. Nxc6 Bxc6 13. Qe1 O-O-O 14. f5
Qc5 15. fxe6 1/2-1/2

[Event "Lausanne YM 3rd"]
[Site "Lausanne"]
[Date "2001.05.20"]
[Round "1.1"]
[White "Kosteniuk, Alexandra"]
[Black "Bu, Xiangzhi"]
[Result "0-1"]
[WhiteElo "2397"]
[BlackElo "2558"]
[PlyCount "114"]
[EventDate "2001.05.20"]
[EventType "k.o."]
[EventRounds "4"]
[EventCountry "SUI"]
[SourceTitle "CBM 082 Extra"]
[Source "ChessBase"]
[SourceDate "2001.07.03"]
[SourceVersion "1"]
[SourceVersionDate "2001.07.03"]
[SourceQuality "1"]

1. e4 c5 2. Nf3 Nc6 3. d4 cxd4 4. Nxd4 Nf6 5. Nc3 d6 6. Bg5 e6 7. Qd2 a6 8.
O-O-O h6 9. Be3 Qc7 10. f3 Bd7 11. Kb1 Na5 12. g4 b5 13. Bd3 Nc4 14. Bxc4 Qxc4
15. h4 g6 16. g5 Nh5 17. Nce2 a5 18. Nb3 Qc7 19. Nf4 Nxf4 20. Bxf4 e5 21. Be3
h5 22. Nc1 Be7 23. Ne2 b4 24. Rc1 O-O 25. Rhg1 Be6 26. Ng3 d5 27. Nxh5 d4 28.
Nf6+ Kg7 29. Bf2 Qc4 30. b3 Qc3 31. Qxc3 bxc3 32. f4 a4 33. fxe5 d3 34. cxd3
axb3 35. axb3 Ra3 36. Nd5 Rfa8 37. Kc2 Ra2+ 38. Kxc3 Ba3 39. Bb6 Bb2+ 40. Kb4
Rb8 41. Kc5 Bxc1 42. Rxc1 Bxd5 43. exd5 Rc8+ 44. Kb5 Rxc1 45. d6 Rc3 46. d7
Rxd3 47. d8=Q Rxd8 48. Bxd8 Kf8 49. Bf6 Ke8 50. e6 fxe6 51. Kc6 Ra6+ 52. Kc7
Ra3 53. h5 gxh5 54. Kd6 Rxb3 55. Kxe6 h4 56. Be5 Re3 57. Kf5 Rxe5+ 0-1

[Event "Lausanne YM 3rd"]
[Site "Lausanne"]
[Date "2001.05.21"]
[Round "1.2"]
[White "Bu, Xiangzhi"]
[Black "Kosteniuk, Alexandra"]
[Result "0-1"]
[WhiteElo "2558"]
[BlackElo "2397"]
[PlyCount "112"]
[EventDate "2001.05.20"]
[EventType "k.o."]
[EventRounds "4"]
[EventCountry "SUI"]
[SourceTitle "CBM 082 Extra"]
[Source "ChessBase"]
[SourceDate "2001.07.03"]
[SourceVersion "1"]
[SourceVersionDate "2001.07.03"]
[SourceQuality "1"]

1. d4 d5 2. c4 c6 3. Nf3 e6 4. Qc2 Nf6 5. Bg5 dxc4 6. Qxc4 b5 7. Qc2 Be7 8.
Nbd2 Qb6 9. Rc1 Bb7 10. e4 h6 11. Be3 Ng4 12. Bf4 Nf6 13. Be3 Qa5 14. a3 Nbd7
15. Be2 Rc8 16. O-O O-O 17. b4 Qc7 18. Nb3 Qb8 19. Nfd2 Qa8 20. Nc5 Nxc5 21.
bxc5 a5 22. f4 Ba6 23. h3 Rb8 24. Qd3 Rfd8 25. g4 Nd7 26. Qc2 b4 27. Bxa6 Qxa6
28. a4 Nf6 29. Nb3 Rd7 30. Kh2 Bd8 31. Rg1 Bc7 32. Rcf1 Rf8 33. Rf2 Ne8 34. Kh1
Bd8 35. f5 e5 36. Rd2 exd4 37. Bxd4 Bg5 38. Rh2 Rxd4 39. Nxd4 Be3 40. Nb3 Bxg1
41. Kxg1 Nf6 42. e5 Nd5 43. Qe2 Qa7 44. Rf2 Re8 45. e6 Qc7 46. g5 Qg3+ 47. Rg2
Qxb3 48. exf7+ Kxf7 49. Qh5+ Kf8 50. f6 Qe3+ 51. Kh1 Qe1+ 52. Kh2 Qe5+ 53. Kh1
Nxf6 54. Qg6 Qf4 55. gxf6 Re1+ 56. Rg1 Qf3+ 0-1

[Event "Lausanne YM 3rd"]
[Site "Lausanne"]
[Date "2001.05.21"]
[Round "1.3"]
[White "Kosteniuk, Alexandra"]
[Black "Bu, Xiangzhi"]
[Result "1-0"]
[WhiteElo "2397"]
[BlackElo "2558"]
[PlyCount "149"]
[EventDate "2001.05.20"]
[EventType "k.o."]
[EventRounds "4"]
[EventCountry "SUI"]
[SourceTitle "CBM 082 Extra"]
[Source "ChessBase"]
[SourceDate "2001.07.03"]
[SourceVersion "1"]
[SourceVersionDate "2001.07.03"]
[SourceQuality "1"]

1. e4 c5 2. Nf3 Nc6 3. d4 cxd4 4. Nxd4 Nf6 5. Nc3 d6 6. Bg5 e6 7. Qd2 a6 8.
O-O-O h6 9. Be3 Qc7 10. f3 Bd7 11. g4 Ne5 12. h4 b5 13. Bd3 g6 14. g5 Nh5 15.
f4 Nxd3+ 16. Qxd3 b4 17. Nb1 Rc8 18. Rh2 Qc4 19. Qxc4 Rxc4 20. Nd2 Rc7 21. N4b3
Be7 22. Na5 Bb5 23. Kb1 O-O 24. b3 Ng3 25. Bb6 Rcc8 26. Re1 Bd8 27. Bxd8 Rfxd8
28. Re3 Rc3 29. Re1 d5 30. exd5 Rxd5 31. Kb2 Rd4 32. a3 Rxf4 33. axb4 Rc7 34.
c4 Be8 35. Rg2 Nf5 36. h5 Nh4 37. Rg3 hxg5 38. hxg6 Nxg6 39. Rxg5 Rf2 40. Kc3
Kf8 41. Ne4 Rf3+ 42. Kc2 f6 43. Nc5 Bf7 44. Rgg1 e5 45. Nxa6 Rf2+ 46. Kc3 Nf4
47. b5 Rd7 48. Rd1 Rf3+ 49. Kb4 Nd3+ 50. Rxd3 Rdxd3 51. b6 Rd6 52. b7 Rb6+ 53.
Kc5 Rfxb3 54. Nxb3 Rxb7 55. Na5 Rb2 56. Nb4 Bxc4 57. Nxc4 Rf2 58. Nd5 Kf7 59.
Kd6 Rc2 60. Nde3 Rc3 61. Kd7 Kf8 62. Ke6 f5 63. Kxf5 Ke8 64. Kxe5 Kd7 65. Rg6
Rc1 66. Kd5 Ke7 67. Ne5 Kd8 68. Kd6 Kc8 69. Rg7 Rh1 70. Rc7+ Kd8 71. Rg7 Kc8
72. Nd5 Rh6+ 73. Ng6 Kb8 74. Kc6 Rh1 75. Rb7+ 1-0

[Event "Lausanne YM 3rd"]
[Site "Lausanne"]
[Date "2001.05.21"]
[Round "1.4"]
[White "Bu, Xiangzhi"]
[Black "Kosteniuk, Alexandra"]
[Result "1-0"]
[WhiteElo "2558"]
[BlackElo "2397"]
[PlyCount "119"]
[EventDate "2001.05.20"]
[EventType "k.o."]
[EventRounds "4"]
[EventCountry "SUI"]
[SourceTitle "CBM 082 Extra"]
[Source "ChessBase"]
[SourceDate "2001.07.03"]
[SourceVersion "1"]
[SourceVersionDate "2001.07.03"]
[SourceQuality "1"]

1. Nf3 d5 2. c4 c6 3. b3 Nf6 4. Bb2 Nbd7 5. g3 g6 6. Bg2 Bg7 7. O-O O-O 8. d3
Re8 9. cxd5 cxd5 10. Nc3 e5 11. Rc1 a6 12. Rc2 Nb6 13. Qa1 d4 14. Ne4 Nxe4 15.
dxe4 Bg4 16. Rfc1 Rc8 17. Rxc8 Nxc8 18. Kf1 Nd6 19. Ne1 Qd7 20. Bh1 Rc8 21. Nd3
Rxc1+ 22. Qxc1 Qc8 23. Qxc8+ Bxc8 24. f4 f6 25. e3 dxe3 26. fxe5 fxe5 27. Bxe5
Bxe5 28. Nxe5 Nb5 29. Ke2 Nc3+ 30. Kxe3 Nxa2 31. Nd3 b6 32. Nf4 Kf7 33. e5 Nb4
34. Kd4 Ke7 35. Kc4 a5 36. Kb5 Bd7+ 37. Kxb6 a4 38. bxa4 Bxa4 39. Ka5 Bc6 40.
Kxb4 Bxh1 41. Kc5 g5 42. Nd3 Ke6 43. Kd4 Kf5 44. Nb4 Ke6 45. Na6 h5 46. Nc7+
Kd7 47. Nd5 Ke6 48. Nf6 Bf3 49. Nh7 Kf5 50. e6 Bc6 51. Kc5 Ba4 52. Kd6 h4 53.
e7 hxg3 54. hxg3 g4 55. Kc7 Be8 56. Kd8 Bf7 57. e8=Q Bxe8 58. Kxe8 Ke4 59. Nf6+
Kf3 60. Nh5 1-0

[Event "Lausanne YM 3rd"]
[Site "Lausanne"]
[Date "2001.05.21"]
[Round "1.5"]
[White "Kosteniuk, Alexandra"]
[Black "Bu, Xiangzhi"]
[Result "1/2-1/2"]
[WhiteElo "2397"]
[BlackElo "2558"]
[PlyCount "116"]
[EventDate "2001.05.20"]
[EventType "k.o."]
[EventRounds "4"]
[EventCountry "SUI"]
[SourceTitle "CBM 082 Extra"]
[Source "ChessBase"]
[SourceDate "2001.07.03"]
[SourceVersion "1"]
[SourceVersionDate "2001.07.03"]
[SourceQuality "1"]

1. e4 c5 2. Nf3 d6 3. d4 cxd4 4. Nxd4 Nf6 5. Nc3 Nc6 6. Bg5 e6 7. Qd2 a6 8.
O-O-O h6 9. Nxc6 bxc6 10. Bf4 d5 11. Qe3 Qa5 12. Be2 Bb4 13. Be5 dxe4 14. Bxf6
gxf6 15. Nxe4 Qxa2 16. Nxf6+ Ke7 17. c3 Ba3 18. bxa3 Rb8 19. Qa7+ Rb7 20. Rd7+
Rxd7 21. Nxd7 Qxa3+ 22. Kd2 Rd8 23. Bd3 Rxd7 24. Qb8 Qc5 25. Qb4 Qxb4 26. cxb4
a5 27. Ke3 axb4 28. Rc1 Kd6 29. h4 c5 30. g4 f6 31. f4 Rg7 32. g5 fxg5 33. fxg5
hxg5 34. h5 e5 35. Rd1 Ke7 36. h6 Rg8 37. Rc1 Kd6 38. Rd1 Rh8 39. h7 Be6 40.
Be4+ Ke7 41. Ra1 Kf6 42. Ra6 Kf7 43. Ra7+ Kf6 44. Ra6 g4 45. Bd5 Rxh7 46. Bxe6
Kg5 47. Ra8 b3 48. Rb8 Rh1 49. Bxb3 Rb1 50. Rg8+ Kh4 51. Bd5 Rb4 52. Rh8+ Kg3
53. Rc8 Rb5 54. Ke4 Kf2 55. Rf8+ Kg1 56. Rg8 Kf2 57. Rf8+ Kg1 58. Rg8 Kf2
1/2-1/2

[Event "Lausanne YM 3rd"]
[Site "Lausanne"]
[Date "2001.05.21"]
[Round "1.6"]
[White "Bu, Xiangzhi"]
[Black "Kosteniuk, Alexandra"]
[Result "1/2-1/2"]
[WhiteElo "2558"]
[BlackElo "2397"]
[PlyCount "112"]
[EventDate "2001.05.20"]
[EventType "k.o."]
[EventRounds "4"]
[EventCountry "SUI"]
[SourceTitle "CBM 082 Extra"]
[Source "ChessBase"]
[SourceDate "2001.07.03"]
[SourceVersion "1"]
[SourceVersionDate "2001.07.03"]
[SourceQuality "1"]

1. d4 d5 2. c4 Nf6 3. Nf3 c6 4. Bg5 e6 5. Qc2 h6 6. Bxf6 Qxf6 7. Nbd2 dxc4 8.
Nxc4 b5 9. Ncd2 Bb7 10. e3 Nd7 11. Bd3 a6 12. Ne4 Bb4+ 13. Ke2 Qd8 14. Nfd2 O-O
15. Nb3 e5 16. Nec5 Bxc5 17. Nxc5 Nxc5 18. dxc5 Qg5 19. Qc3 Qg4+ 20. Kf1 Rad8
21. f3 Qe6 22. Kf2 f5 23. Bc2 Kh8 24. Bb3 Qe7 25. Rhd1 e4 26. f4 Bc8 27. Kg1
Kh7 28. a4 Rxd1+ 29. Rxd1 Rd8 30. Rxd8 Qxd8 31. axb5 axb5 32. h3 Qh4 33. Kh2
Qd8 34. Bc2 h5 35. b4 h4 36. Bb3 Qf6 37. Qe1 g5 38. fxg5 Qxg5 39. Qf2 Kh6 40.
Kg1 Kg7 41. Kf1 Qf6 42. Qd2 Be6 43. Bxe6 Qxe6 44. Kf2 Kg6 45. g3 hxg3+ 46. Kxg3
Qe5+ 47. Kg2 Kh5 48. Qd1+ Kh4 49. Qd8+ Kh5 50. Qd7 Qb2+ 51. Kf1 Qc1+ 52. Kf2
Qb2+ 53. Kg3 Qe5+ 54. Kg2 Qb2+ 55. Kf1 Qc1+ 56. Kf2 Qb2+ 1/2-1/2

[Event "Cannes Carlton op"]
[Site "Cannes"]
[Date "2001.07.28"]
[Round "1"]
[White "Muller, Anne"]
[Black "Kosteniuk, Alexandra"]
[Result "0-1"]
[WhiteElo "2156"]
[BlackElo "2440"]
[PlyCount "72"]
[EventDate "2001.07.28"]
[EventType "swiss"]
[EventRounds "6"]
[EventCountry "FRA"]
[SourceTitle "EXT 2005"]
[Source "ChessBase"]
[SourceDate "2004.11.15"]
[SourceVersion "1"]
[SourceVersionDate "2004.11.15"]
[SourceQuality "1"]

1. e4 c5 2. Nf3 Nc6 3. d4 cxd4 4. Nxd4 Nf6 5. Nc3 d6 6. Be2 g6 7. O-O Bg7 8.
Re1 O-O 9. Nb3 a6 10. Bf1 b5 11. a4 b4 12. Nd5 Nd7 13. a5 Rb8 14. Ra2 e6 15.
Ne3 Nf6 16. Nc4 d5 17. exd5 Nxd5 18. Ne3 Be5 19. Qf3 Qc7 20. h3 Nce7 21. Ng4
Bg7 22. Bd3 Bb7 23. Qe2 Qc6 24. Qf1 Nf5 25. Ne5 Qd6 26. Nc4 Qc7 27. Nbd2 Nf4
28. Be4 Bd4 29. Ne3 Nxe3 30. fxe3 Ba7 31. Bxb7 Rxb7 32. Nc4 Rb5 33. Nb6 Nxh3+
34. Kh1 Bb8 35. g3 Qxg3 36. Re2 Nf2+ 0-1

[Event "Cannes Carlton op"]
[Site "Cannes"]
[Date "2001.07.29"]
[Round "2"]
[White "Kosteniuk, Alexandra"]
[Black "Johnsen, Sverre"]
[Result "1-0"]
[WhiteElo "2440"]
[BlackElo "2191"]
[PlyCount "37"]
[EventDate "2001.07.28"]
[EventType "swiss"]
[EventRounds "6"]
[EventCountry "FRA"]
[SourceTitle "EXT 2005"]
[Source "ChessBase"]
[SourceDate "2004.11.15"]
[SourceVersion "1"]
[SourceVersionDate "2004.11.15"]
[SourceQuality "1"]

1. e4 d6 2. d4 Nf6 3. Nc3 a5 4. f4 b5 5. e5 dxe5 6. fxe5 Nd5 7. Ne4 Bf5 8. Ng3
Bg6 9. c3 Nd7 10. Nf3 e6 11. Bd3 c5 12. O-O Be7 13. Bxg6 hxg6 14. Ne4 O-O 15.
Nfg5 Qb6 16. Qg4 f6 17. Nxe6 cxd4 18. Qxg6 dxc3+ 19. Kh1 1-0